000
00326nam a22001457a 4500
003
SGT
020
_a
978-1-78882-153-7
082
_a
635
_b
STE
100
_a
STERENS, DONOVAN
245
_a
BIOTECHNOLOGY OF HORTICULTURE OF CROPS
260
_a
UK
_b
ETP PUB
_c
2023
300
_a
339
650
_a
HORTICULTURE
942
_2
ddc
_c
BK
999
_c
25785
_d
25785